| 000 | 00634cam a2200193 a 4500 | ||
|---|---|---|---|
| 001 | 000005130 | ||
| 005 | 20200929151603.0 | ||
| 008 | 840817s1969 ve 000 p spa | ||
| 010 | _a73299578 | ||
| 040 |
_aDO-SdBNP _cCarP _dDLC |
||
| 082 |
_aV861.44 _bL579t |
||
| 100 | 1 |
_aLeon, Carlos Augusto _914691 |
|
| 245 | 1 | 0 |
_aTratado del recuerdo y del olvido : _bpoemas /. |
| 260 |
_aCaracas : _b[Ministerio de Educación, Dirección General, Departamento de Publicaciones], _c1969. |
||
| 300 |
_a[67] il. ; _c22 cm. |
||
| 650 | 4 |
_aPoesía venezolana _94230 |
|
| 650 | 4 |
_aLiteratura venezolana _93816 |
|
| 910 | _aCatalogación por copia / LC | ||
| 999 |
_c4933 _d4933 |
||